| 000 | 02521nam a2200337 i 4500 | ||
|---|---|---|---|
| 003 | EG-GICUC | ||
| 005 | 20260121101637.0 | ||
| 008 | 260103s2003 ua ||||f |||| 00| 0 ara d | ||
| 017 | _a2003/20714 | ||
| 040 |
_a EG-GICUC _bara _c EG-GICUC _d EG-GICUC _erda |
||
| 041 | _aara | ||
| 082 | 0 | 4 |
_221 _a345.7 _bم ح . ع |
| 092 | 0 | 4 | _221 |
| 099 | _aLaw1 07 345.7 م ح . ع 2003 | ||
| 100 | 0 |
_aمحمد ماهر أبو العينين _eمؤلف. |
|
| 245 | 1 | 2 |
_aالعقود الإدراية وقوانين المزايدات والمناقصات في قضاء وإفتاء مجلس الدولة حتى عام 2004 : _bدراسة تحليلية لآراء الفقهاء وأحكام وفتاوى مجلس الدولة _nالكتاب الثالث ، _pعوارض تنفيذ وإنهاء العقد الإداري وقواعد المسئولية العقدية في قضاء وإفتاء مجلس الدولة حتى سنة - 2004 / _cالمستشار الدكتور محمد ماهر أبو العينين . |
| 264 | 3 |
_aالهرم : _bدار أبو المجد للطباعة ، _c2003 . |
|
| 300 |
_a745 ؛ صفحة _c24 سم _bإيضاحيات، صور، مثيليات ؛ |
||
| 336 |
_2rda content _atext |
||
| 337 |
_2rda media _aComputer |
||
| 338 |
_2rda carrier _aOnline Resource |
||
| 504 | _a. 745-709 ببليوجرافيا: صفحات. | ||
| 504 | _aيشتمل على إرجاعات ببليوجرافية | ||
| 505 | _aإشكاليات الدفعة المقدمة – عوارض محاسبة المتعاقد مع الإدارة- مستحقات الإستشاري – مصروفات الحراسة – المسئولية عن الضرائب والدمغة- ضمان المقاول للأعمال المسلمة لجهة الإدارة – انتهاء العقد الإداري- العقد الإداري ونظرية الإثراء بلا سبب- صور مسئولية الإدارة – ضوابط التعويض- التطبيقات القضائية للمسئولية العقدية- أحكام وفتاوى خاصة ببعض العقود – التعهد بالانتظام في الدراسة وخدمة الحكومة – عقد التوريد – عقد المزايدة- إشكاليات الكفالة في عقد الالتزام بخدمة الحكومة- | ||
| 650 | 1 |
_aالعقود الإدارية _2qrmak |
|
| 650 | 1 |
_aالقانون الإداري _2qrmak |
|
| 651 | 1 | _2qrmak | |
| 856 | 4 | 0 | _uhttps://fll.law.cu.edu.eg/fulltext/bks/B07-02521.pdf |
| 905 | _a61 | ||
| 942 |
_2ddc _cBK _e21 _n0 |
||
| 999 |
_c53990 _d53990 |
||